[Event "30th 4NCL Congress"]
[Site "Daventry"]
[Date "2023.06.16"]
[Round "1"]
[Board "6"]
[White "Gibbs, Dominic V"]
[Black "Harrison, Oliver"]
[Result "1-0"]
[WhiteElo "1953"]
[BlackElo "1704"]
[PlyCount "87"]
[EventDate "2023.06.16"]
[EventRounds "5"]
[EventCountry "ENG"]

1. e4 e5 2. Nf3 Nc6 3. Bb5 Nf6 4. d3 Bc5 5. Bg5 h6 6. Bh4 Be7 7. Nc3 a6 8. Bxc6 dxc6
9. Nxe5 Nxe4 10. Bxe7 Qxe7 11. dxe4 Qxe5 12. O-O O-O 13. Qe2 Qg5 14. f4 Qc5+ 15.
Qf2 Qb4 16. Rab1 Be6 17. a3 Qa5 18. Qe3 Rfe8 19. Rf2 Qh5 20. h3 Rad8 21. g4 Qh4 22.
f5 Bc8 23. Kg2 b6 24. Qf4 Re7 25. e5 Red7 26. Qg3 Qe7 27. f6 gxf6 28. Ne4 Rd4 29.
Nxf6+ Kg7 30. g5 h5 31. Nxh5+ Kh8 32. Nf6 Kg7 33. Rbf1 Rh8 34. Ng4 Be6 35. Nh6 Rf8
36. Rxf7+ Rxf7 37. Rxf7+ Qxf7 38. Nxf7 Bd5+ 39. Kf2 Kxf7 40. g6+ Kg7 41. Qg5 Re4
42. Qf6+ Kg8 43. g7 Bf7 44. Qh6  1-0

[Event "30th 4NCL Congress"]
[Site "Daventry"]
[Date "2023.06.16"]
[Round "1"]
[Board "7"]
[White "Pradhan, Ayan"]
[Black "Mozaffari, Mohammad H"]
[Result "0-1"]
[WhiteElo "1674"]
[BlackElo "1929"]
[PlyCount "108"]
[EventDate "2023.06.16"]
[EventRounds "5"]
[EventCountry "ENG"]

1. e4 e5 2. Nf3 Nc6 3. Bb5 Nf6 4. d3 d6 5. O-O h6 6. Nbd2 g6 7. Re1 Bg7 8. Nf1 O-O
9. c3 Bd7 10. Ng3 Qe7 11. Bd2 Rae8 12. Qc1 Kh7 13. h3 Ng8 14. Kh2 Qd8 15. Rh1 Nge7
16. Kg1 f5 17. exf5 Nxf5 18. Nxf5 Bxf5 19. h4 e4 20. dxe4 Bxe4 21. Nh2 Qxh4 22. Nf3
Qg4 23. Rh4 Qf5 24. Bxh6 Rh8 25. Bxc6 Bxc6 26. Rf4 Bxh6 27. Rxf5 Bxc1 28. Rf7+ Kg8
29. Rxc7 Bxb2 30. Rd1 Rh7 31. Rxh7 Kxh7 32. Nd4 d5 33. Rd3 Re1+ 34. Kh2 Ra1 35. Rh3+
Kg7 36. Rg3 Bc1 37. f4 Kf6 38. Rf3 Bb2 39. g4 Rc1 40. g5+ Kf7 41. f5 Bxc3 42. Nb3
Be5+ 43. Kg2 Rc2+ 44. Kh3 Rh2+ 45. Kg4 Bd7 46. Nc5 Bxf5+ 47. Rxf5+ gxf5+ 48. Kxf5
Ba1 49. g6+ Ke7 50. Nxb7 Rxa2 51. Nc5 Rf2+ 52. Kg5 Bf6+ 53. Kg4 a5 54. Kg3 Rc2  0-1

[Event "30th 4NCL Congress"]
[Site "Daventry"]
[Date "2023.06.16"]
[Round "1"]
[Board "8"]
[White "Ashcroft, Graham J"]
[Black "Vaidyanathan, Sathya"]
[Result "1/2-1/2"]
[WhiteElo "1921"]
[BlackElo "1635"]
[PlyCount "52"]
[EventDate "2023.06.16"]
[EventRounds "5"]
[EventCountry "ENG"]

1. c4 e5 2. g3 Nf6 3. Bg2 Bc5 4. Nc3 c6 5. e3 O-O 6. Nge2 h6 7. O-O Bb6 8. d4 exd4
9. Nxd4 d6 10. b3 Re8 11. Bb2 Bg4 12. Qd2 Qd7 13. Rfe1 Bh3 14. Bh1 Na6 15. Rad1 Nc5
16. Nde2 Rad8 17. b4 Nce4 18. Nxe4 Nxe4 19. Bxe4 Rxe4 20. Qc3 f6 21. c5 Qf5 22. Nf4
Bc7 23. Qb3+ d5 24. Nxh3 Qxh3 25. b5 Ba5 26. Bc3 Bxc3  1/2-1/2

[Event "30th 4NCL Congress"]
[Site "Daventry"]
[Date "2023.06.16"]
[Round "1"]
[Board "9"]
[White "Drukarczyk, Kacper"]
[Black "Potter, Steven"]
[Result "0-1"]
[WhiteElo "1618"]
[BlackElo "1902"]
[PlyCount "78"]
[EventDate "2023.06.16"]
[EventRounds "5"]
[EventCountry "ENG"]

1. c4 b6 2. d4 e6 3. Nc3 Bb4 4. a3 Bxc3+ 5. bxc3 Bb7 6. Bf4 f5 7. e3 Nf6 8. f3 O-O
9. Bd3 d6 10. Qc2 Nbd7 11. Bg5 Qe8 12. Nh3 h6 13. Bh4 e5 14. Bxf5 exd4 15. e4 dxc3
16. Bxd7 Nxd7 17. Qxc3 Bxe4 18. O-O Bb7 19. Rae1 Qh5 20. Bg3 Rae8 21. Nf4 Qf7 22.
Nd3 Ba6 23. Rc1 Qf6 24. Qc2 Bc8 25. Nb4 Bb7 26. Rfe1 Nc5 27. Bf2 a5 28. Nd3 Nxd3
29. Qxd3 Kf7 30. Qb3 Kg6 31. Qc2+ Qf5 32. Qc3 Bc6 33. Bd4 Rxe1+ 34. Rxe1 Rf7 35.
Qe3 Bd7 36. Qc1 h5 37. Qd2 Qf4 38. Qc2+ Bf5 39. Re6+ Kh7  0-1

[Event "30th 4NCL Congress"]
[Site "Daventry"]
[Date "2023.06.16"]
[Round "1"]
[Board "10"]
[White "Cotterill, Sam"]
[Black "Collins, Nigel"]
[Result "1-0"]
[WhiteElo "1899"]
[BlackElo "1516"]
[PlyCount "103"]
[EventDate "2023.06.16"]
[EventRounds "5"]
[EventCountry "ENG"]

1. Nf3 Nf6 2. c4 g6 3. Nc3 Bg7 4. e4 d6 5. d4 O-O 6. Be2 c5 7. O-O Nc6 8. d5 Nb8
9. h3 a6 10. Be3 b6 11. Qd2 Bb7 12. Bh6 Nbd7 13. Rfe1 Re8 14. Bxg7 Kxg7 15. Bd3 h6
16. Rad1 Qc7 17. Bc2 Rad8 18. Qf4 e5 19. dxe6 Rxe6 20. Nd5 Bxd5 21. exd5 Rxe1+ 22.
Rxe1 Re8 23. Rxe8 Nxe8 24. g4 Ne5 25. Nxe5 dxe5 26. Qe3 Nf6 27. Qa3 a5 28. Qa4 Qd7
29. Qc6 Qd8 30. d6 Kf8 31. Qc7 Qd7 32. Be4 Kg7 33. Bd5 Qe8 34. Qxb6 Nd7 35. Qxa5
Qb8 36. Qc7 Qxb2 37. Qxd7 Qc1+ 38. Kg2 Qf4 39. Qxf7+ Qxf7 40. Bxf7 Kxf7 41. Kf3 Ke6
42. d7 Kxd7 43. Ke4 Ke6 44. a4 Kd6 45. a5 Kc6 46. Kxe5 g5 47. Ke6 Kb7 48. Kd6 Ka6
49. Kxc5 Kxa5 50. Kd6 Kb6 51. c5+ Kb7 52. Kd7  1-0

[Event "30th 4NCL Congress"]
[Site "Daventry"]
[Date "2023.06.17"]
[Round "2"]
[Board "1"]
[White "Brown, Tom"]
[Black "Vaidyanathan, Adithya"]
[Result "1-0"]
[WhiteElo "1989"]
[BlackElo "1861"]
[PlyCount "143"]
[EventDate "2023.06.16"]
[EventRounds "5"]
[EventCountry "ENG"]

1. d4 d5 2. c4 e6 3. Nc3 Nf6 4. cxd5 exd5 5. Bg5 Be7 6. e3 c6 7. Bd3 Bg4 8. Qc2 Nbd7
9. f3 Bh5 10. Nge2 h6 11. Bh4 g5 12. Bf2 Nf8 13. Ng3 Bg6 14. Nf5 Ne6 15. O-O-O Bb4
16. Kb1 Qd7 17. Bg3 Bxf5 18. Bxf5 Bd6 19. e4 Bxg3 20. hxg3 Qc7 21. e5 Ng8 22. Bxe6
fxe6 23. Nb5 Qh7 24. Nd6+ Kd8 25. g4 Kc7 26. Rd3 Rf8 27. Kc1 Ne7 28. Qb3 Rb8 29.
Rc3 Nc8 30. Qa3 a6 31. Rb3 Qe7 32. Qa5+ b6 33. Nxc8 Rhxc8 34. Qxa6 Qf8 35. Qd3 Ra8
36. Qh7+ Kd8 37. Kb1 Ra4 38. Rxb6 Rb4 39. Rxb4 Qxb4 40. Qg8+ Kc7 41. Qf7+ Kb6 42.
Qxe6 Ra8 43. Rc1 Qa4 44. a3 Qb5 45. Qd6 Qd3+ 46. Ka2 Rc8 47. Qc5+ Ka6 48. Rc3 Qb5
49. Qxb5+ Kxb5 50. b4 Ra8 51. Kb3 Kb6 52. a4 Rf8 53. Re3 Re8 54. g3 Kc7 55. b5 cxb5
56. axb5 Kb6 57. Kb4 Re6 58. f4 gxf4 59. gxf4 Rg6 60. e6 Rg8 61. e7 Re8 62. f5 Kc7
63. f6 Kd7 64. Kc5 Rc8+ 65. Kxd5 Re8 66. b6 h5 67. gxh5 Rb8 68. f7 Re8 69. fxe8=Q+
Kxe8 70. b7 Kd7 71. e8=Q+ Kc7 72. b8=Q#  1-0

[Event "30th 4NCL Congress"]
[Site "Daventry"]
[Date "2023.06.17"]
[Round "2"]
[Board "2"]
[White "Potter, Steven"]
[Black "Foster, James C"]
[Result "0-1"]
[WhiteElo "1902"]
[BlackElo "1986"]
[PlyCount "96"]
[EventDate "2023.06.16"]
[EventRounds "5"]
[EventCountry "ENG"]

1. d4 d6 2. e4 Nf6 3. Bd3 e5 4. dxe5 dxe5 5. Bb5+ Bd7 6. Bxd7+ Nbxd7 7. Bg5 Bc5 8.
Nh3 c6 9. Bxf6 Qxf6 10. Nd2 O-O-O 11. Qf3 Qe7 12. O-O h5 13. Nb3 Bb6 14. Kh1 Rdg8
15. a4 a6 16. Qc3 g5 17. Na5 Rh6 18. Nc4 Bd4 19. Qa3 Qxa3 20. Rxa3 b5 21. axb5 cxb5
22. Ne3 Bxb2 23. Rb3 Bd4 24. Nf5 Re6 25. Ng1 Nc5 26. Nxd4 exd4 27. Rf3 f6 28. Ne2
Rd8 29. Ng3 h4 30. Nh5 Nxe4 31. Rd1 Rd7 32. g4 Kd8 33. Kg2 Ke8 34. h3 Kf7 35. c3
Red6 36. cxd4 Rxd4 37. Rxd4 Rxd4 38. Ra3 Rd6 39. Ra1 b4 40. Rc1 Nc3 41. Rc2 a5 42.
f4 a4 43. fxg5 fxg5 44. Rf2+ Kg6 45. Rf8 a3 46. Ra8 b3 47. Ra7 b2 48. Ng7 b1=Q  0-1

[Event "30th 4NCL Congress"]
[Site "Daventry"]
[Date "2023.06.17"]
[Round "2"]
[Board "4"]
[White "Lawrence, Spencer"]
[Black "Gibbs, Dominic V"]
[Result "1-0"]
[WhiteElo "1800"]
[BlackElo "1953"]
[PlyCount "63"]
[EventDate "2023.06.16"]
[EventRounds "5"]
[EventCountry "ENG"]

1. d4 e6 2. e4 d5 3. Nc3 dxe4 4. Nxe4 Bd7 5. Nf3 Bc6 6. Bd3 Nd7 7. O-O Ngf6 8. Ng3
Be7 9. c4 Bxf3 10. Qxf3 c6 11. Rb1 a5 12. a3 a4 13. b4 axb3 14. Rxb3 Qc8 15. Bb2
O-O 16. Rb1 c5 17. dxc5 Nxc5 18. Bxf6 Bxf6 19. Bxh7+ Kxh7 20. Qh5+ Kg8 21. Ne4 Nxe4
22. Rh3 Bh4 23. Rxh4 f5 24. g4 Qc5 25. g5 Qxf2+ 26. Kh1 Rfb8 27. g6 Kf8 28. Qh8+
Ke7 29. Qxg7+ Kd6 30. Rd1+ Nd2 31. Rd4+ Kc5 32. Qe5+  1-0

[Event "30th 4NCL Congress"]
[Site "Daventry"]
[Date "2023.06.17"]
[Round "2"]
[Board "6"]
[White "Brocklehurst, Andrew"]
[Black "Dos Santos Silva, Bruno Alexandre"]
[Result "1/2-1/2"]
[WhiteElo "1984"]
[BlackElo "1786"]
[PlyCount "105"]
[EventDate "2023.06.16"]
[EventRounds "5"]
[EventCountry "ENG"]

1. e4 c5 2. Nf3 d6 3. d4 cxd4 4. Nxd4 Nf6 5. Nc3 g6 6. Be2 Bg7 7. Be3 O-O 8. O-O
Nc6 9. h3 d5 10. exd5 Nxd5 11. Nxd5 Nxd4 12. Bxd4 Qxd5 13. Bxg7 Qxd1 14. Raxd1 Kxg7
15. Bf3 Be6 16. Rfe1 Rac8 17. c3 b6 18. Bd5 Bxd5 19. Rxd5 Rc7 20. Red1 e6 21. Rd7
Rfc8 22. Kf1 b5 23. Ke2 a5 24. Rxc7 Rxc7 25. Rd8 f5 26. Kd3 e5 27. f3 Kf6 28. Rd5
Rb7 29. b3 Ke6 30. Rc5 Kd6 31. Rc8 a4 32. bxa4 bxa4 33. Ra8 Rb2 34. Rxa4 Rxg2 35.
Kc4 Rf2 36. Ra6+ Kd7 37. a4 Rxf3 38. Ra7+ Kc6 39. Rxh7 Rf4+ 40. Kb3 e4 41. Rg7 e3
42. Rxg6+ Kd7 43. Kc2 Rxa4 44. Rf6 f4 45. Kd3 Ke7 46. Rf5 Ke6 47. Rf8 Ke5 48. Re8+
Kf6 49. c4 Kf5 50. Rf8+ Ke5 51. Re8+ Kf5 52. Rf8+ Ke5 53. Re8+  1/2-1/2

[Event "30th 4NCL Congress"]
[Site "Daventry"]
[Date "2023.06.17"]
[Round "2"]
[Board "7"]
[White "Smith, Andrew PE"]
[Black "Ashcroft, Graham J"]
[Result "0-1"]
[WhiteElo "1765"]
[BlackElo "1921"]
[PlyCount "80"]
[EventDate "2023.06.16"]
[EventRounds "5"]
[EventCountry "ENG"]

1. d4 f5 2. Nc3 d5 3. Nf3 Nf6 4. Bg5 e6 5. e3 Be7 6. Be2 O-O 7. Ne5 Bd7 8. h4 Nc6
9. g4 Nxe5 10. dxe5 Ne4 11. Bxe7 Qxe7 12. Nxe4 fxe4 13. Qd2 Rf7 14. g5 Raf8 15. Rh2
Rf5 16. Bg4 Rxe5 17. O-O-O Qd6 18. Rg2 Bb5 19. Qc3 c5 20. Qa3 a6 21. b3 Qc7 22. Qb2
c4 23. Qd4 cxb3 24. axb3 Rc8 25. f4 exf3 26. Bxf3 Qc3 27. Bg4 Qxe3+ 28. Qxe3 Rxe3
29. Rxd5 Rxc2+ 30. Rxc2 exd5 31. Rc8+ Kf7 32. h5 Re7 33. Rd8 Re5 34. g6+ hxg6 35.
hxg6+ Kxg6 36. Rd6+ Kg5 37. Bc8 Bc6 38. Kb2 Kf4 39. Rg6 Rg5 40. Rd6 Rg3  0-1

[Event "30th 4NCL Congress"]
[Site "Daventry"]
[Date "2023.06.17"]
[Round "2"]
[Board "8"]
[White "Dunkley, Michael"]
[Black "Sasikumar, Srivathsan"]
[Result "0-1"]
[WhiteElo "1868"]
[BlackElo "1732"]
[PlyCount "60"]
[EventDate "2023.06.16"]
[EventRounds "5"]
[EventCountry "ENG"]

1. e4 c5 2. Nc3 Nc6 3. Nf3 g6 4. g3 Bg7 5. Bg2 Nf6 6. O-O O-O 7. d4 cxd4 8. Nxd4
d6 9. Nxc6 bxc6 10. e5 dxe5 11. Bxc6 Bh3 12. Be3 Qc8 13. Bg2 Bxg2 14. Kxg2 Qb7+ 15.
Kg1 Qxb2 16. Na4 Qa3 17. Nc5 Rfd8 18. Qc1 Qc3 19. Rb1 Qc4 20. Nb7 Rdb8 21. Qa3 Nd5
22. Bc5 Nc3 23. Rb4 Ne2+ 24. Kg2 Qd5+ 25. Qf3 Qxf3+ 26. Kxf3 Nd4+ 27. Bxd4 exd4 28.
Ke2 Rc8 29. Rc1 Rab8 30. a3 Rc3  0-1

[Event "30th 4NCL Congress"]
[Site "Daventry"]
[Date "2023.06.17"]
[Round "2"]
[Board "9"]
[White "Vaidyanathan, Sathya"]
[Black "Bowman, Richard L"]
[Result "1/2-1/2"]
[WhiteElo "1635"]
[BlackElo "1850"]
[PlyCount "33"]
[EventDate "2023.06.16"]
[EventRounds "5"]
[EventCountry "ENG"]

1. b4 d5 2. Bb2 Nf6 3. e3 Bf5 4. d4 e6 5. a3 Bd6 6. Bd3 Bg6 7. Bxg6 hxg6 8. h3 Nbd7
9. Nd2 Nb6 10. c3 Qe7 11. Qe2 c6 12. a4 a5 13. b5 c5 14. Ngf3 Rh5 15. Ne5 cxd4 16.
exd4 Nfd7 17. Nxd7  1/2-1/2

[Event "30th 4NCL Congress"]
[Site "Daventry"]
[Date "2023.06.17"]
[Round "2"]
[Board "10"]
[White "Mehta, Sophie"]
[Black "Towers, Nigel S"]
[Result "1/2-1/2"]
[WhiteElo "1464"]
[BlackElo "1818"]
[PlyCount "61"]
[EventDate "2023.06.16"]
[EventRounds "5"]
[EventCountry "ENG"]

1. d4 Nf6 2. Bf4 e6 3. Nf3 c5 4. Nbd2 cxd4 5. Nxd4 Nc6 6. N2b3 d6 7. Nxc6 bxc6 8.
e3 Be7 9. Be2 O-O 10. O-O e5 11. Bg3 Ne4 12. Bf3 Nxg3 13. hxg3 d5 14. Nd2 e4 15.
Be2 Qb6 16. b3 a5 17. c4 Be6 18. Rc1 Rfd8 19. Qc2 Ba3 20. Rcd1 Rac8 21. Kh2 Bb4 22.
Rh1 Rc7 23. Nxe4 Be7 24. Nd2 Rcd7 25. Kg1 g6 26. Nf3 Bf6 27. c5 Qb4 28. Nd4 Bxd4
29. Rxd4 Qe1+ 30. Bf1 Bf5 31. Qe2  1/2-1/2

[Event "30th 4NCL Congress"]
[Site "Daventry"]
[Date "2023.06.17"]
[Round "2"]
[Board "11"]
[White "Wong, Conan"]
[Black "O'Gorman, Brendan"]
[Result "1/2-1/2"]
[WhiteElo "1427"]
[BlackElo "1803"]
[PlyCount "62"]
[EventDate "2023.06.16"]
[EventRounds "5"]
[EventCountry "ENG"]

1. e4 c5 2. Nf3 g6 3. c4 Nc6 4. d4 cxd4 5. Nxd4 Nf6 6. Nc3 d6 7. Be2 Nxd4 8. Qxd4
Bg7 9. Be3 O-O 10. Qd2 Be6 11. Rc1 Qa5 12. O-O Rfc8 13. b3 a6 14. f3 b5 15. cxb5
axb5 16. Nxb5 Qxd2 17. Rxc8+ Bxc8 18. Bxd2 Rxa2 19. Rd1 Ba6 20. Bc4 Nd7 21. Bg5 Kf8
22. Rd2 Ra1+ 23. Kf2 Nc5 24. b4 Nb3 25. Rc2 Nd4 26. Nxd4 Bxd4+ 27. Kg3 Bb7 28. Bb5
Bb6 29. Bh6+ Kg8 30. Bd7 Ra8 31. b5 Bc5  1/2-1/2

[Event "30th 4NCL Congress"]
[Site "Daventry"]
[Date "2023.06.17"]
[Round "2"]
[Board "12"]
[White "Harrison, Oliver"]
[Black "Tart, Peter K"]
[Result "0-1"]
[WhiteElo "1704"]
[BlackElo "1968"]
[PlyCount "38"]
[EventDate "2023.06.16"]
[EventRounds "5"]
[EventCountry "ENG"]

1. e4 e5 2. Nf3 d5 3. exd5 Bd6 4. d4 e4 5. Qe2 Nf6 6. Bg5 Nbd7 7. Nfd2 O-O 8. Nxe4
Re8 9. Nbd2 h6 10. Bxf6 Nxf6 11. Nxf6+ gxf6 12. Ne4 Kg7 13. g4 Bf4 14. c4 c6 15.
d6 Qa5+ 16. Kd1 Rxe4 17. Qd3 Re1+ 18. Kc2 Rxa1 19. Bg2 Rxh1  0-1

[Event "30th 4NCL Congress"]
[Site "Daventry"]
[Date "2023.06.17"]
[Round "2"]
[Board "14"]
[White "Holmes, Matthew A"]
[Black "Pradhan, Ayan"]
[Result "0-1"]
[WhiteElo "1845"]
[BlackElo "1674"]
[PlyCount "210"]
[EventDate "2023.06.16"]
[EventRounds "5"]
[EventCountry "ENG"]

1. Nf3 Nf6 2. c4 e6 3. g3 d5 4. d4 Be7 5. Bg2 O-O 6. O-O Nbd7 7. Qc2 b6 8. Bf4 Bb7
9. Ne5 c5 10. dxc5 Nxc5 11. Rd1 Bd6 12. Nc3 Re8 13. Nb5 Nce4 14. Nxd6 Nxd6 15. cxd5
exd5 16. Nf3 Rc8 17. Qd3 Nc4 18. Rab1 Qe7 19. b3 Na3 20. Rb2 Ne4 21. Be5 f6 22. Bd4
Bc6 23. b4 Nc4 24. Rbb1 Ba4 25. Rdc1 Bb5 26. a4 Bxa4 27. Ra1 Bb5 28. Qb3 Qf7 29.
e3 Ncd6 30. Qa2 Rxc1+ 31. Rxc1 Bc4 32. Qb2 Rc8 33. Nd2 Nxd2 34. Qxd2 Nb5 35. Bb2
Rd8 36. Rxc4 Qd7 37. Rc1 Qd6 38. Bd4 Kf7 39. Qb2 Kg8 40. Qb3 Kf7 41. Bb2 Nc7 42.
b5 Qd7 43. Rxc7 Qxc7 44. Bxd5+ Kg6 45. Be4+ Kh6 46. Qe6 Qd7 47. Qxd7 Rxd7 48. Bd4
Rd6 49. Kf1 g6 50. g4 g5 51. Ke2 Kg7 52. Kf3 h6 53. Bd3 Kf7 54. Bc4+ Kg7 55. Ke4
Kg6 56. f4 Rd7 57. f5+ Kg7 58. Kd3 Kf8 59. Ke4 Ke7 60. Bd5 Rc7 61. Bc6 Rc8 62. Bc3
a5 63. Bd4 Rb8 64. Kd5 Rd8+ 65. Kc4 Rb8 66. e4 Kf7 67. e5 fxe5 68. Bxe5 Rc8 69. Kd5
Rd8+ 70. Bd6 Kf6 71. Bd7 Rxd7 72. Kc6 Rxd6+ 73. Kxd6 a4 74. Kc6 a3 75. Kxb6 a2 76.
Kb7 a1=Q 77. b6 Ke7 78. Kc7 Qa8 79. f6+ Kxf6 80. b7 Qa7 81. Kc8 Ke5 82. b8=Q+ Qxb8+
83. Kxb8 Kf4 84. Kc7 Kxg4 85. Kd6 Kh3 86. Ke5 Kxh2 87. Kf5 Kh3 88. Kg6 g4 89. Kxh6
g3 90. Kh5 g2 91. Kh6 g1=Q 92. Kh5 Kg3 93. Kg5 Qd4 94. Kf5 Kf3 95. Ke6 Qc5 96. Kf6
Qd5 97. Kg6 Qe5 98. Kf7 Qd6 99. Kg7 Qe6 100. Kh7 Qf6 101. Kg8 Qe7 102. Kh8 Kf4 103.
Kg8 Kg5 104. Kh8 Kg6 105. Kg8 Qg7#  0-1

[Event "30th 4NCL Congress"]
[Site "Daventry"]
[Date "2023.06.17"]
[Round "2"]
[Board "15"]
[White "Collins, Nigel"]
[Black "Reghu, Jyothika Ullukaranparambil"]
[Result "0-1"]
[WhiteElo "1516"]
[BlackElo "1820"]
[PlyCount "112"]
[EventDate "2023.06.16"]
[EventRounds "5"]
[EventCountry "ENG"]

1. c4 e5 2. Nc3 f5 3. d4 e4 4. Nh3 c6 5. Bg5 Be7 6. Bxe7 Nxe7 7. e3 O-O 8. c5 Ng6
9. Bc4+ Kh8 10. Qh5 Qh4 11. Qxh4 Nxh4 12. Rg1 h6 13. Nf4 b5 14. cxb6 axb6 15. O-O-O
Kh7 16. Bb3 g5 17. Nfe2 d5 18. g3 Nf3 19. Rg2 Nd7 20. Ng1 Nf6 21. h3 Ra7 22. Nxf3
exf3 23. Rh2 Ne4 24. Nxe4 fxe4 25. h4 g4 26. Rhh1 Ba6 27. a3 h5 28. Kd2 Rd8 29. Rc1
Rc7 30. Rc3 c5 31. Rhc1 Rb7 32. Ba2 Bd3 33. b3 cxd4 34. Rc7+ Rd7 35. Rxd7+ Rxd7 36.
exd4 b5 37. Rd1 Ra7 38. Bb1 Bxb1 39. Rxb1 Rxa3 40. Rb2 b4 41. Ke3 Kg6 42. Kf4 Kf6
43. Rc2 Rxb3 44. Rc6+ Kg7 45. Kf5 Rc3 46. Rg6+ Kf7 47. Rf6+ Ke7 48. Rh6 Kd7 49. Rxh5
b3 50. Rh7+ Kc8 51. h5 b2 52. Rh8+ Kb7 53. Rh7+ Rc7 54. Rxc7+ Kxc7 55. h6 b1=Q 56.
Kf6 e3  0-1

[Event "30th 4NCL Congress"]
[Site "Daventry"]
[Date "2023.06.17"]
[Round "2"]
[Board "16"]
[White "Pyun, Lindsay"]
[Black "Drukarczyk, Kacper"]
[Result "1/2-1/2"]
[WhiteElo "1808"]
[BlackElo "1618"]
[PlyCount "72"]
[EventDate "2023.06.16"]
[EventRounds "5"]
[EventCountry "ENG"]

1. e4 Nf6 2. e5 Nd5 3. d4 d6 4. c4 Nb6 5. f4 Bf5 6. Nf3 Nc6 7. Qd2 e6 8. exd6 cxd6
9. b3 d5 10. c5 Nd7 11. Bb2 Be7 12. Bd3 Bxd3 13. Qxd3 O-O 14. O-O b6 15. cxb6 Qxb6
16. Nc3 Rab8 17. Kh1 Nb4 18. Qd2 Rfc8 19. Ne5 Nxe5 20. fxe5 f5 21. exf6 Bxf6 22.
Rad1 Nc6 23. Na4 Qb4 24. Bc3 Qd6 25. Nb2 Ne7 26. Nd3 Ng6 27. Bb4 Qd8 28. Nc5 Qb6
29. Ba5 Qd6 30. Na4 Ne7 31. Bc3 Nf5 32. Nb2 h6 33. Qd3 Re8 34. Rfe1 Bh4 35. g3 Bf6
36. Kg2 Qa3  1/2-1/2

[Event "30th 4NCL Congress"]
[Site "Daventry"]
[Date "2023.06.17"]
[Round "3"]
[Board "1"]
[White "Spanton, Tim R"]
[Black "Brown, Tom"]
[Result "1/2-1/2"]
[WhiteElo "1959"]
[BlackElo "1989"]
[PlyCount "60"]
[EventDate "2023.06.16"]
[EventRounds "5"]
[EventCountry "ENG"]

1. c4 e5 2. Nc3 Nc6 3. Nf3 Nf6 4. e4 Bc5 5. Nxe5 Nxe5 6. d4 Bb4 7. dxe5 Nxe4 8. Qd4
Nxc3 9. bxc3 Be7 10. Bf4 b6 11. Bd3 Bb7 12. Be4 Bxe4 13. Qxe4 O-O 14. O-O Qc8 15.
Rfd1 Rd8 16. Rd3 d6 17. Rad1 Qe6 18. Qc6 dxe5 19. Qxe6 fxe6 20. Bxe5 Rxd3 21. Rxd3
Rd8 22. Rd4 c5 23. Rxd8+ Bxd8 24. f4 Kf7 25. Kf2 Bf6 26. Bb8 a6 27. Ba7 Bd8 28. Bb8
Bf6 29. Ba7 Bd8 30. Bb8 Bf6  1/2-1/2

[Event "30th 4NCL Congress"]
[Site "Daventry"]
[Date "2023.06.17"]
[Round "3"]
[Board "2"]
[White "Foster, James C"]
[Black "Mozaffari, Mohammad H"]
[Result "1/2-1/2"]
[WhiteElo "1986"]
[BlackElo "1929"]
[PlyCount "147"]
[EventDate "2023.06.16"]
[EventRounds "5"]
[EventCountry "ENG"]

1. e4 e5 2. Nc3 Nf6 3. g3 d6 4. Bg2 h6 5. Nge2 g6 6. O-O Bg7 7. h3 O-O 8. d4 c6 9.
Be3 Qc7 10. Qd2 Kh7 11. dxe5 dxe5 12. Rad1 Nbd7 13. f4 exf4 14. gxf4 Nb6 15. b3 Re8
16. Nd4 Nh5 17. Rf3 Bd7 18. Nde2 Rad8 19. Qd6 Qc8 20. Qa3 Qb8 21. Bd4 Bf8 22. Bc5
Bxc5+ 23. Qxc5 Be6 24. Qf2 Qc7 25. Rfd3 Qe7 26. a4 Nc8 27. Nd4 Bd7 28. Qd2 Be6 29.
Nxe6 Rxd3 30. Qxd3 Qxe6 31. Ne2 Nf6 32. Nc3 Qe7 33. Qd4 Nh5 34. Ne2 Nf6 35. Nc3 Qe6
36. Rd2 Re7 37. Kf2 Rd7 38. Qe3 Nh5 39. Rxd7 Qxd7 40. Bf1 Qd6 41. e5 Qe7 42. Bc4
Qh4+ 43. Kf3 Qxh3+ 44. Ke4 Ng3+ 45. Kd3 Qf1+ 46. Kd2 Qxc4 47. bxc4 Nf1+ 48. Kd3 Nxe3
49. Kxe3 Nb6 50. Kd4 h5 51. a5 Nd7 52. Ne4 h4 53. Ke3 Kg7 54. Nd6 Nc5 55. Kf3 b6
56. axb6 axb6 57. Kg4 Ne6 58. Kxh4 Nxf4 59. Kg4 Ne6 60. c3 f5+ 61. exf6+ Kxf6 62.
Nc8 b5 63. Na7 bxc4 64. Nxc6 Nc5 65. Na5 Ne4 66. Nxc4 Nxc3 67. Ne3 Ne4 68. Kf4 Nf2
69. Nd5+ Kf7 70. Kf3 Nh3 71. Kg3 Ng5 72. Nf4 Ne4+ 73. Kg4 g5 74. Nh3  1/2-1/2

[Event "30th 4NCL Congress"]
[Site "Daventry"]
[Date "2023.06.17"]
[Round "3"]
[Board "3"]
[White "Ashcroft, Graham J"]
[Black "Lawrence, Spencer"]
[Result "1/2-1/2"]
[WhiteElo "1921"]
[BlackElo "1800"]
[PlyCount "44"]
[EventDate "2023.06.16"]
[EventRounds "5"]
[EventCountry "ENG"]

1. c4 Nf6 2. g3 g6 3. Bg2 Bg7 4. Nc3 c6 5. e4 d6 6. Nge2 Bg4 7. h3 Bd7 8. O-O Na6
9. d4 e5 10. Be3 Nc7 11. Qd2 h5 12. Rad1 Qe7 13. b4 O-O-O 14. d5 Kb8 15. Bg5 cxd5
16. exd5 Bf5 17. Rfe1 Qd7 18. h4 Rc8 19. Rc1 Bh3 20. Bxf6 Bxf6 21. Kh2 Bxg2 22. Kxg2
Bg7  1/2-1/2

[Event "30th 4NCL Congress"]
[Site "Daventry"]
[Date "2023.06.17"]
[Round "3"]
[Board "4"]
[White "Sasikumar, Srivathsan"]
[Black "Cotterill, Sam"]
[Result "1/2-1/2"]
[WhiteElo "1732"]
[BlackElo "1899"]
[PlyCount "114"]
[EventDate "2023.06.16"]
[EventRounds "5"]
[EventCountry "ENG"]

1. e4 e5 2. Nc3 Nf6 3. f4 d5 4. fxe5 Nxe4 5. Qf3 Nc6 6. Bb5 Nxc3 7. bxc3 Qh4+ 8.
g3 Qe4+ 9. Qxe4 dxe4 10. d3 exd3 11. cxd3 Bd7 12. Bf4 Nxe5 13. Bxe5 Bxb5 14. Nf3
O-O-O 15. Bd4 f6 16. Ke2 c5 17. c4 Bc6 18. Be3 Bxf3+ 19. Kxf3 Rxd3 20. Rhd1 Rxd1
21. Rxd1 Be7 22. Ke4 Rd8 23. Rd5 Rxd5 24. Kxd5 Kd7 25. g4 g6 26. h3 Bd6 27. a4 b6
28. Bh6 f5 29. gxf5 gxf5 30. Bd2 Bg3 31. Bg5 h5 32. Bf6 h4 33. Be5 Ke7 34. Bb2 Kf7
35. Bc1 Kf6 36. Bd2 f4 37. Ke4 f3 38. Kxf3 Kf5 39. Bc3 Be5 40. Bd2 Bd4 41. Bf4 Be5
42. Bd2 a6 43. Be3 Bc7 44. Bd2 Bg3 45. Bc3 Bf4 46. Be1 Bg5 47. Bc3 Bd8 48. Bb2 a5
49. Bc3 Bc7 50. Be1 Bd8 51. Bc3 Bg5 52. Bb2 Bd2 53. Ba1 Bf4 54. Bc3 Be5 55. Bd2 Bb2
56. Be1 Bf6 57. Bd2 Be5  1/2-1/2

[Event "30th 4NCL Congress"]
[Site "Daventry"]
[Date "2023.06.17"]
[Round "3"]
[Board "5"]
[White "Pradhan, Ayan"]
[Black "Brocklehurst, Andrew"]
[Result "0-1"]
[WhiteElo "1674"]
[BlackElo "1984"]
[PlyCount "146"]
[EventDate "2023.06.16"]
[EventRounds "5"]
[EventCountry "ENG"]

1. e4 c5 2. Nc3 Nc6 3. Bb5 Nd4 4. Nf3 Nxb5 5. Nxb5 d6 6. d4 Bd7 7. Nc3 cxd4 8. Qxd4
e5 9. Qd2 Nf6 10. b3 Bc6 11. Qd3 Be7 12. Bb2 O-O 13. O-O b5 14. b4 Qd7 15. Rad1 Qb7
16. Rfe1 Rad8 17. Qe2 Rfe8 18. Nh4 g6 19. Nf3 Nh5 20. Bc1 Nf6 21. Bg5 Nd7 22. Bxe7
Rxe7 23. Rxd6 Rde8 24. Nd5 Bxd5 25. Rxd5 a6 26. Red1 Nf6 27. R5d3 Nxe4 28. Nd2 Nxd2
29. Qxd2 e4 30. Rd7 Rxd7 31. Qxd7 Qxd7 32. Rxd7 Rc8 33. Rd2 Rc4 34. f3 exf3 35. gxf3
Rxb4 36. c3 Rb1+ 37. Kf2 Rc1 38. Rd8+ Kg7 39. Ra8 Rc2+ 40. Kg3 Rxa2 41. Rc8 h5 42.
h4 a5 43. Rc5 b4 44. cxb4 axb4 45. Rb5 Rb2 46. Kf4 b3 47. Ke3 Rb1 48. Kd2 b2 49.
Kc2 Rf1 50. Rxb2 Rf2+ 51. Kc1 Rxb2 52. Kxb2 Kf6 53. Kc3 Kf5 54. Kd4 Kf4 55. Kd5 Kxf3
56. Ke5 Kg4 57. Kf6 Kxh4 58. Kxf7 g5 59. Kg6 g4 60. Kf5 g3 61. Kf4 g2 62. Kf3 g1=Q
63. Ke2 Qg3 64. Kd2 Qf3 65. Kc2 Qe3 66. Kb2 Qd3 67. Ka2 Qb5 68. Ka3 Kg4 69. Ka2 h4
70. Ka3 h3 71. Ka2 h2 72. Ka3 h1=Q 73. Ka2 Qhb1+  0-1